| 000 | 01378caa a22002771i 4500 | ||
|---|---|---|---|
| 003 | OSt | ||
| 005 | 20250910125053.0 | ||
| 008 | 250830s2009 su g 00010 ara c | ||
| 035 | _aAUC_OC_210544 | ||
| 040 |
_aSA-MaUQU _bara _cSA-RiAUC _erda |
||
| 043 | _ama----- | ||
| 082 | 0 | 4 |
_a915.3104 _qSA-RiAUC |
| 090 |
_a915.3104 _bح ا ز |
||
| 100 | 1 |
_aالحازمي، منصور إبراهيم، _d1354 هجري- _eمؤلف. |
|
| 245 | 1 | 0 |
_aرحلات العرب في جزيرة العرب خلال النصف الأول من من القرن العشرين / _cتأليف منصور بن إبراهيم الحازمي. |
| 264 | 1 |
_aالرياض : _bدار القوافل. |
|
| 300 |
_a185 صفحة.؛ _c24 سم. |
||
| 336 |
_aنص _btxt _2rdacontent _3كتاب |
||
| 337 |
_aبدون وسيط _bn _2rdamedia |
||
| 338 |
_aمجلد _bnc _2rdacarrier |
||
| 580 | _aفي : الدارة : مجلة فصلية محكمة تصدر عن دارة الملك عبد العزيز. | ||
| 651 | 7 |
_aشبه الجزيرة العربية _xوصف ورحلات _vمقالات ومحاضرات _2aucsh |
|
| 773 | 0 |
_tالدارة : مجلة فصلية محكمة تصدر عن دارة الملك عبد العزيز. _wAUC_OC_4148 _gسنة 5، عدد 3 (ربيع الثاني 1400 هجري = مارس 1980)، صفحة 29-53 |
|
| 942 |
_2ddc _cBOOK _n0 |
||
| 949 |
_aSA-JeALM _d250830 _umohamedma123 _n1 |
||
| 999 |
_c11583 _d11583 |
||